000 00547nam a2200181 i 4500
001 64790
003 ES-MaACL
005 20230906165219.0
007 t|
008 040105s1965 sp ||||1| spa d
100 1 _aFouillé, A.
_951938
245 1 0 _aElectrotecnia para ingenieros /
_cA. Fouille ; traducción por Luis de Azcárate Diz.
260 _a[Madrid] :
_bAguilar,
_c[1965]
300 _a3 v. :
_bil. ;
_c22 cm.
650 4 _aElectrotecnia.
_912169
700 1 _aAzcárate Diz, Luis de.
_924251
852 _aES-MaACL
_jC-34070-2
_bR.58183
999 _c64790
_d64790